LEADER 00946nam0 2200277 450 001 000005558 005 20041108120255.0 010 $a88-8422-237-0 100 $a20041108d2003----km-y0itay50------ba 101 0 $aita 102 $aIT 105 $ay-------001cy 200 1 $aBanca centrale nazionale e Unione monetaria europea$eil caso italiano$fMirella Pellegrini 210 $aBari$cCacucci$dc2003 215 $a331 p.$d25 cm 225 2 $aStrumenti e modelli di diritto dell'economia$v5 410 0$12001$aStrumenti e modelli di diritto dell'economia 610 1 $aBanca d'Italia$aPolitica monetaria 610 1 $aBanca centrale europea$aPolitica monetaria 676 $a332.1120945 700 1$aPellegrini,$bMirella$0282219 801 0$aIT$bUNIPARTHENOPE$gRICA$2UNIMARC 912 $a000005558 951 $cNAVA1$a332-B/20$b37230$d20041108 996 $aBanca Centrale Nazionale e Unione Monetaria Europea$9672960 997 $aUNIPARTHENOPE